000 00845nam a2200265Ia 4500
003 OSt
005 20220927104321.0
006 a|||||r|||| 00| 0
007 ta
008 220926b |||||||| |||| 00| 0 eng d
024 _a97550
037 _cReference Collections
040 _aRTL
_cRTL
_beng
041 _2eng
_aeng
082 _a"Y:(G:55955), P1/UN"
110 _aUnited Nations Scientific Committee on the Effects of Atomic Radiation
_9363636
245 0 _aHerditary effects of radiation
_b Report
260 _aNew
_bYork U N
_c2001
300 _a160p
_ccm.
500 _aBIbiliography P k139-60
650 _aSociometry
_9363637
700 _aUnited Nations Scientific Committee on the Effects of Atomic Radiation
_9363638
942 _h"Y:(G:55955), P1/UN"
_cCC
999 _c686649
_d686649